<?xml version="1.0" encoding="UTF-8"?>
<record
    xmlns:xsi="http://www.w3.org/2001/XMLSchema-instance"
    xsi:schemaLocation="http://www.loc.gov/MARC21/slim http://www.loc.gov/standards/marcxml/schema/MARC21slim.xsd"
    xmlns="http://www.loc.gov/MARC21/slim">

  <leader>00607nam a22002177a 4500</leader>
  <controlfield tag="003">UA-OsUOA</controlfield>
  <controlfield tag="001"> 43412 </controlfield>
  <controlfield tag="007">ta</controlfield>
  <controlfield tag="008">20090625b un ||||| |||| 00| 0 ukr d</controlfield>
  <datafield tag="090" ind1=" " ind2=" ">
    <subfield code="a">061</subfield>
    <subfield code="b">&#x412;55</subfield>
  </datafield>
  <datafield tag="942" ind1=" " ind2=" ">
    <subfield code="c">BR</subfield>
  </datafield>
  <datafield tag="040" ind1=" " ind2=" ">
    <subfield code="a">UA-OsUOA</subfield>
    <subfield code="b">ukr</subfield>
    <subfield code="c">UA-OsUOA</subfield>
    <subfield code="d">UA-OsUOA</subfield>
  </datafield>
  <datafield tag="245" ind1=" " ind2=" ">
    <subfield code="a">&#x412;&#x456;&#x434;&#x437;&#x43D;&#x430;&#x447;&#x435;&#x43D;&#x43D;&#x44F; 10 &#x440;&#x43E;&#x43A;&#x43E;&#x432;&#x438;&#x43D; &#x432;&#x456;&#x434;&#x43D;&#x43E;&#x432;&#x43B;&#x435;&#x43D;&#x43D;&#x44F; &#x43D;&#x435;&#x437;&#x430;&#x43B;&#x435;&#x436;&#x43D;&#x43E;&#x441;&#x442;&#x438; &#x423;&#x43A;&#x440;&#x430;&#x457;&#x43D;&#x438;</subfield>
  </datafield>
  <datafield tag="955" ind1=" " ind2=" ">
    <subfield code="a">4</subfield>
  </datafield>
  <datafield tag="041" ind1=" " ind2=" ">
    <subfield code="a">ukr</subfield>
  </datafield>
  <datafield tag="080" ind1=" " ind2=" ">
    <subfield code="a">061</subfield>
  </datafield>
  <datafield tag="260" ind1=" " ind2=" ">
    <subfield code="a">&#x412;&#x43E;&#x440;&#x435;&#x43D;</subfield>
    <subfield code="c">2001</subfield>
  </datafield>
  <datafield tag="246" ind1="3" ind2="1">
    <subfield code="a">&#x421;&#x43B;&#x430;&#x432;&#x430; &#x43D;&#x435;&#x437;&#x430;&#x43B;&#x435;&#x436;&#x43D;&#x456;&#x439; &#x423;&#x43A;&#x440;&#x430;&#x457;&#x43D;&#x456;!</subfield>
  </datafield>
  <datafield tag="650" ind1=" " ind2="7">
    <subfield code="a">0 &#x417;&#x430;&#x433;&#x430;&#x43B;&#x44C;&#x43D;&#x438;&#x439; &#x432;&#x456;&#x434;&#x434;&#x456;&#x43B;.</subfield>
    <subfield code="2">UDC</subfield>
  </datafield>
  <datafield tag="999" ind1=" " ind2=" ">
    <subfield code="c">441886</subfield>
    <subfield code="d">441886</subfield>
  </datafield>
</record>
